|
|
|
|
| LEADER |
00000cas a2200000 a 4500 |
| 001 |
vtls008882744 |
| 003 |
SK-MaSNL |
| 005 |
20260228162313.0 |
| 008 |
160609c19689999xo wr ne 0 0 b0hun |
| 035 |
|
|
|a (SVKBB03)vtls000115054
|
| 040 |
|
|
|a SVKBB
|b slo
|c SVKBB
|d SNK
|e AACR2
|
| 041 |
0 |
|
|a hun
|
| 043 |
|
|
|a e-xo---
|
| 044 |
|
|
|a xo
|c SK
|
| 072 |
|
7 |
|a 352/354
|x Stupne miestnej, oblastnej a ústrednej správy
|2 konspekt
|
| 080 |
|
|
|a 353.9
|2 2001
|
| 080 |
|
|
|a 050
|2 2001
|
| 245 |
0 |
0 |
|a Gömöri hírlap
|b az SZLKP JB és rimaszombati JNB lapja
|
| 246 |
1 |
1 |
|a Gemerské zvesti
|
| 260 |
|
|
|a [Rimavská Sobota
|b ONV]
|c 1968-
|
| 260 |
3 |
|
|3 [199u?]-
|a Rimaszombat
|b Városi Hivatal
|
| 300 |
|
|
|a zv.
|c 30-45 cm
|
| 310 |
|
|
|a 1x týždenne
|
| 362 |
0 |
|
|a I = (VIII. évf.), 1 sz. (1968)-
|
| 500 |
|
|
|a Najnovší podnázov: ?-47/2012, regionális hetilap ; 1/2015- , Rimaszombati tájékoztató közlöny
|
| 500 |
|
|
|a Šéfredaktori sa menia
|
| 500 |
|
|
|a Evidenčné číslo: EV 2918/09
|
| 515 |
|
|
|a Vydávanie prerušené 12/2012-9/2015
|
| 515 |
|
|
|a Titul znovu vychádza od októbra 2015 ako súčasť titulu Gemerské zvesti a pokračuje v kontinuálnom označení ročníkov
|
| 610 |
1 |
7 |
|a Rimavská Sobota (Slovensko).
|b Mesto
|2 SNKPH
|9 33589
|
| 650 |
0 |
7 |
|a územná samospráva
|2 SNKPH
|9 802
|
| 655 |
|
7 |
|a regionálne periodiká
|2 SNKPH
|9 131775
|
| 752 |
|
|
|a Slovensko
|d Rimavská Sobota
|
| 775 |
0 |
|
|t Gemerské zvesti
|w vtls001469081
|
| 856 |
4 |
0 |
|a http://hu.rimavskasobota.sk/?id_menu=46398
|
| 910 |
|
|
|a snk
|
| 916 |
|
|
|a 1968-1970,1972-1991,2011-2012
|
| 999 |
|
|
|c 7500
|d 9430
|
| 952 |
|
|
|0 0
|1 0
|4 0
|7 0
|a SNK
|b SNK
|d 2016-04-18
|f 1
|i snkČSP 488/76
|l 0
|o snkČSA 896/3/1970
|p 17A0796141
|r 2026-02-21 20:13:21
|t č. 1-50, neúplné
|w 2026-02-21
|y PREZ
|z Chýba č. 29 ;
|
| 952 |
|
|
|0 0
|1 0
|4 0
|7 0
|a SNK
|b SNK
|d 2016-04-19
|f 1
|i snkČSP 2511/90
|l 0
|o snkČSA 896/29[28]/1989
|p 17A0790161
|r 2026-02-21 20:18:50
|t č. 1-52
|w 2026-02-21
|y PREZ
|
| 952 |
|
|
|0 0
|1 0
|4 0
|7 0
|a SNK
|b SNK
|d 2016-04-19
|f 1
|i snkČSP 4390/91
|l 0
|o snkČSA 896/30/1990
|p 17A0789806
|r 2026-02-21 20:18:50
|t č. 1-52, neúplné
|w 2026-02-21
|y PREZ
|z Chýba č. 48
|
| 952 |
|
|
|0 0
|1 0
|4 0
|7 0
|a SNK
|b SNK
|d 1998-04-02
|l 0
|o snkČSA 896/31/1991 D1
|p 17A0132654
|r 2005-01-02 00:00:00
|t č. 1-16
|w 2026-02-21
|y PREZ
|
| 952 |
|
|
|0 0
|1 0
|4 0
|7 0
|a SNK
|b SNK
|d 2016-04-18
|f 1
|i snkČSP 1249/73
|l 0
|o snkČSA 896/5/1972
|p 17A0796134
|r 2026-02-21 22:09:35
|t č. 1-52
|w 2026-02-21
|y PREZ
|
| 952 |
|
|
|0 0
|1 0
|4 0
|7 0
|a SNK
|b SNK
|d 2016-04-18
|f 1
|i snkČSP 1384/76
|l 0
|o snkČSA 896/6/1973
|p 17A0796135
|r 2026-02-21 22:09:35
|t č. 1-52, neúplné
|w 2026-02-21
|y PREZ
|z Chýba č. 28
|
| 952 |
|
|
|0 0
|1 0
|4 0
|7 0
|a SNK
|b SNK
|d 2016-04-18
|f 1
|i snkČSP 1447/76
|l 0
|o snkČSA 896/7/1974
|p 17A0795961
|r 2026-02-21 22:09:35
|t č. 1-52, neúplné
|w 2026-02-21
|y PREZ
|z chýba č. 34
|
| 952 |
|
|
|0 0
|1 0
|4 0
|7 0
|a SNK
|b SNK
|d 2016-04-18
|f 1
|l 0
|o snkČSA 896/8(15)/1975
|p 17A0795960
|r 2026-02-21 22:09:35
|t č. 1-52
|w 2026-02-21
|y PREZ
|
| 952 |
|
|
|0 0
|1 0
|4 0
|7 0
|a SNK
|b SNK
|d 2016-04-18
|f 1
|i snkČSP 647/77
|l 0
|o snkČSA 896/16/1976
|p 17A0796136
|r 2026-02-21 22:09:35
|t č. 1-52
|w 2026-02-21
|y PREZ
|
| 952 |
|
|
|0 0
|1 0
|4 0
|7 0
|a SNK
|b SNK
|d 2016-04-18
|f 1
|i snkČSP 89/78
|l 0
|o snkČSA 896/18[17]/1978
|p 17A0796125
|r 2026-02-21 22:09:35
|t č. 1-52
|w 2026-02-21
|y PREZ
|
| 952 |
|
|
|0 0
|1 0
|4 0
|7 0
|a SNK
|b SNK
|d 2016-04-18
|f 1
|i snkČSP 603/83
|l 0
|o snkČSA 896/22/1982
|p 17A0795920
|r 2026-02-21 22:09:36
|t č. 1-52
|w 2026-02-21
|y PREZ
|
| 952 |
|
|
|0 0
|1 0
|4 0
|7 0
|a SNK
|b SNK
|d 2016-04-18
|f 1
|i snkČSP 427/84
|l 0
|o snkČSA 896/23/1983
|p 17A0790144
|r 2026-02-21 22:09:36
|t č. 1-53
|w 2026-02-21
|y PREZ
|
| 952 |
|
|
|0 0
|1 0
|4 0
|7 0
|a SNK
|b SNK
|d 2016-04-18
|f 1
|i snkČSP 676/77
|l 0
|o snkČSA 896/17/1977
|p 17A0796129
|r 2026-02-21 22:09:38
|t č. 1-52
|w 2026-02-21
|y PREZ
|
| 952 |
|
|
|0 0
|1 0
|4 0
|7 0
|a SNK
|b SNK
|d 2016-04-18
|f 1
|l 0
|o snkČSA 896/1(8)/1968
|p 17A0796143
|r 2026-02-21 22:09:38
|t č. 1-25, neúplné
|w 2026-02-21
|y PREZ
|z Chýba č. 2,3,5-8,10-25 ;
|
| 952 |
|
|
|0 0
|1 0
|4 0
|7 0
|a SNK
|b SNK
|d 2016-04-18
|f 1
|i snkČSP 1370/76
|l 0
|o snkČSA 896/2/1969
|p 17A0796142
|r 2026-02-21 22:09:38
|t č. 1-50, neúplné
|w 2026-02-21
|y PREZ
|z Chýba č. 1-28, 31, 33
|
| 952 |
|
|
|0 0
|1 0
|4 0
|7 0
|a SNK
|b SNK
|d 2016-04-18
|f 1
|i snkČSP 363/80
|l 0
|o snkČSA 896/19[17]/1979
|p 17A0790589
|r 2026-02-21 22:09:38
|t č. 1-52
|w 2026-02-21
|y PREZ
|
| 952 |
|
|
|0 0
|1 0
|4 0
|7 0
|a SNK
|b SNK
|d 2016-04-18
|f 1
|i snkČSP 493/81
|l 0
|o snkČSA 896/20[18]/1980
|p 17A0790590
|r 2026-02-21 22:09:38
|t č. 1-52
|w 2026-02-21
|y PREZ
|
| 952 |
|
|
|0 0
|1 0
|4 0
|7 0
|a SNK
|b SNK
|d 2016-04-18
|f 1
|i snkČSP 991/82
|l 0
|o snkČSA 896/21/1981
|p 17A0796084
|r 2026-02-21 22:09:38
|t č. 1-52
|w 2026-02-21
|y PREZ
|
| 952 |
|
|
|0 0
|1 0
|4 0
|7 0
|a SNK
|b SNK
|d 2016-04-19
|f 1
|i snkČSP 5687/94
|l 0
|o snkČSA 896/31/1991
|p 17A0790186
|r 2026-02-21 22:16:26
|t č. 1-51, neúplné
|w 2026-02-21
|y PREZ
|z Chýba č. 17-19, 23-51
|
| 952 |
|
|
|0 0
|1 0
|4 0
|7 0
|8 0
|a SNK
|b SNK
|d 2016-04-19
|f 1
|i snk2016/9884
|l 0
|o snkČSA 896/44/2011
|p 17A1099534
|r 2026-02-21 22:16:26
|t č. 1-52, neúplné
|w 2026-02-21
|y PREZ
|z Chýba č. 14, 15
|
| 952 |
|
|
|0 0
|1 0
|4 0
|7 0
|8 0
|a SNK
|b SNK
|d 2016-04-19
|f 1
|i snk2016/9889
|l 0
|o snkČSA 896/45/2012
|p 17A1099535
|r 2026-02-21 22:16:26
|t č. 1-47, neúplné
|w 2026-02-21
|y PREZ
|z Chýba č. 13-47
|
| 952 |
|
|
|0 0
|1 0
|4 0
|7 0
|a SNK
|b SNK
|d 2016-04-19
|f 1
|i snkČSP 371/85
|l 0
|o snkČSA 896/24/1984
|p 17A0790145
|r 2026-02-21 22:16:33
|t č. 1-53
|w 2026-02-21
|y PREZ
|
| 952 |
|
|
|0 0
|1 0
|4 0
|7 0
|a SNK
|b SNK
|d 2016-04-19
|f 1
|i snkČSP 3345/86
|l 0
|o snkČSA 896/25/1985
|p 17A0790147
|r 2026-02-21 22:16:33
|t č. 1-52
|w 2026-02-21
|y PREZ
|
| 952 |
|
|
|0 0
|1 0
|4 0
|7 0
|a SNK
|b SNK
|d 2016-04-19
|f 1
|i snkČSP 1959/87
|l 0
|o snkČSA 896/26/1986
|p 17A0790148
|r 2026-02-21 22:16:33
|t č. 1-52
|w 2026-02-21
|y PREZ
|
| 952 |
|
|
|0 0
|1 0
|4 0
|7 0
|a SNK
|b SNK
|d 2016-04-19
|f 1
|i snkČSP 1287/88
|l 0
|o snkČSA 896/27[26]/1987
|p 17A0790197
|r 2026-02-21 22:16:33
|t č. 1-51
|w 2026-02-21
|y PREZ
|
| 952 |
|
|
|0 0
|1 0
|4 0
|7 0
|a SNK
|b SNK
|d 2016-04-19
|f 1
|i snkČSP 489/89
|l 0
|o snkČSA 896/28[27]/1988
|p 17A0790386
|r 2026-02-21 22:16:33
|t č. 1-52
|w 2026-02-21
|y PREZ
|
| 952 |
|
|
|0 0
|1 0
|4 0
|7 0
|a SNK
|b SNK
|d 2019-08-08
|i snkČSP 677/77
|l 0
|o snkČSA 896/17/1977 D1
|p 17A1315182
|r 2026-02-21 22:28:53
|t č. 1-52
|w 2026-02-21
|y PREZ
|